000 01486nam a2200433 a 4500
001 22703
003 SK-KTurca
005 20260420165249.0
008 240318s2015 xo c 010 f slo
015 _aSNBA2016/02
020 _a9788055614021
_q(brož.)
035 _aurn:nbn:sk:snk-am00b870
035 _aurn:nbn:sk:snk-am3h8dq
035 _a8CF67805-85A6-4430-A34D-B15095178B40
040 _aPOKPOH
_bslo
_cPOKPOH
_dSNK
_eAACR2
041 1 _aslo
_heng
044 _axo
_cSK
072 7 _a821.111(73)-3
_xAmerická próza
_2konspekt
072 7 _a821-93
_xLiteratúra pre deti a mládež (beletria)
_2konspekt
080 _a821.111(73)-31
_22001
080 _a821-93
_22001
080 _a82-31
_22001
100 1 _aMass, Wendy,
_d1967-
_4aut
240 1 4 _aThe Willow Falls Series, 12 Finally
_lSlovensky
245 1 0 _aKonečne dvanásťročná
_cWendy Mass ; [z anglického originálu preložila Zuzana Kamenská]
260 _aBratislava
_bSlovart
_c2015
300 _a285 s.
_c19 cm
500 _aNa obálke: Toto budú nezabudnuteľné narodeniny!
521 1 _aPre deti 10+
655 7 _aamerické romány
_2SNKPH
655 7 _adievčenské romány
_2SNKPH
655 7 _apublikácie pre deti
_2SNKPH
655 7 _aAmerican fiction
_2SNKPHeng
655 7 _aGirls' novels
_2SNKPHeng
655 7 _aChildren's literature
_2SNKPHeng
700 1 _aTrstenská, Zuzana,
_d1982-
_4trl
942 _2ddc
_cKLDE
_n0
999 _c22703
_d22703